000 00652nam a2200253Ia 4500
003 OSt
005 20221007074542.0
006 a|||||r|||| 00| 0
007 ta
008 221006b |||||||| |||| 00| 0 eng d
020 _a9789350359471
024 _a39,975
037 _cTextual
040 _aFLL
_cFLL
_beng
041 _2eng
_aeng
082 _aZ2,81, Q7
100 _aMARKANDA P.C.
245 0 _aArbitration step by step
250 _a2nd
260 _aNagpur
_bLexisNexis Butterworths Wadhwa India
_c2017
300 _acxxvi,571p.
_ccm.
942 _hZ2,81, Q7
_cTEXL
_2CC
999 _c1152813
_d1152813